000 00311nam a2200121Ia 4500
008 190722s9999 xx 000 0 und d
020 _a978-81-265-6060-8
100 _aMichael Alexander
245 0 _aExcel 2016 Power Programming with VBA
260 _aDelhi
_bJohn Wiley
_c2016
300 _a729
942 _cBK
999 _c1160
_d1160